Statystyki dla CZEGO SZUKA DETEKTYW NA MIEJSCU ZBRODNI?

Kliknij tutaj aby rozwiązać quiz!

Ogólne statystyki

  • Ten quiz został rozwiązany 42 razy
  • Średni wynik to 2 z 5

Statystyki odpowiedzi

Odpowiedź% Poprawnych
ODCISKÓW PALCÓW
68%
KRWI
62%
CIAŁA
44%
DNA
32%
NARZĘDZI ZBRODNI
6%

Rozkład punktacji

Percentyl według liczby udzielonych odpowiedzi

Procent ludzi z każdym wynikiem

Twoja historia wyników

Nie rozwiązałeś tego quizu